Polish cities - Sudden Death - Statistics

General Stats
  • This quiz has been taken 76 times
    63 since last reset
  • The average score is 8 of 10
Answers on the Grid
Answers color-coded by a green-red scale on the quiz's grid according to % correct below.
Lublin
Krakow
Radom
Lviv
Kaunas
Warsaw
Nitra
Łódź
Kotka
Wrocław
Saldus
Rzeszów
Katowice
Szolnok
Ostrava
Jena
Gand
Poznań
Györ
Gdańsk
 
Answer Stats
Answer % Correct
Warsaw
94%
Wrocław
89%
Łódź
87%
Gdańsk
85%
Katowice
85%
Krakow
85%
Poznań
83%
Rzeszów
76%
Lublin
74%
Radom
56%
No matching quizzes found
Score Distribution
Percent of People with Each Score
Percentile by Number Answered
Your Score History
You have not taken this quiz since the last reset